000
00207nam a22000857a 4500
999
_c
11539
_d
11539
008
190601b ||||| |||| 00| 0 eng d
020
_a
9780310736578
100
_9
7249
_a
STROBEL LEE
245
_a
THE CASE FOR GRACE